Nízke Tatry Ďumbier (2043 m)

Podrobná bibliografia
Hlavný autor: Slivka, Dušan, 1944- (Autor, Fotograf)
Médium: Pohľadnica
Jazyk:slovenčina
Fyzický popis:1 pohľadnica farebná 11 x 15 cm
Vydavateľské údaje: Bratislava ČSTK-Pressfoto [1982]
Predmet:

MARC

LEADER 00000nkm a2200000 a 4500
001 vtls010676360
003 SK-MaSNL
005 20260512123408.0
007 kp co
008 231214s1982 xo g kzslo
035 |a BD74D3F2-2C48-44EC-B47E-B89E3D4B52C8 
035 |a urn:nbn:sk:snk-kmy0tf 
035 |a urn:nbn:sk:snk-km007xcz 
040 |a SNK  |b slo  |c SNK  |e AACR2 
041 0 |a slo 
044 |a xo  |c SK 
080 |a (234.372.4)  |2 2001 
080 |a (084.121)  |2 2001 
100 1 |a Slivka, Dušan,  |d 1944-  |4 aut  |4 pht  |9 249825 
245 1 0 |a Nízke Tatry  |h grafika  |b Ďumbier (2043 m)  |c D. Slivka 
246 1 1 |a Nizkije Tatry 
246 1 1 |a Niedere Tatra 
246 1 1 |a Low Tatras 
260 |a Bratislava  |b ČSTK-Pressfoto  |c [1982] 
300 |a 1 pohľadnica  |b farebná  |c 11 x 15 cm 
651 7 |a Nízke Tatry (Slovensko : pohorie)  |2 SNKPH  |9 173011 
655 7 |a geografické pohľadnice  |2 SNKPH  |9 70522 
655 7 |a miestne pohľadnice  |2 SNKPH  |9 70510 
852 |a Slovenská národná knižnica 
958 |a GC 
958 |a GBN 
958 |a OND 
999 |c 757993  |d 759923 
952 |a SNK  |b SNK  |y PREZ  |7 0  |p 17A1123014  |o snkSP 153287  |i snk2015/14301  |8 3  |g 0.50  |0 0  |1 0  |4 0  |d 2015-04-29  |f 1  |l 0  |r 2026-02-23 23:54:51  |w 2026-02-23